[Event "North Shore B-Grade"]
[Site "Auckland NZL"]
[Date "2017.08.26"]
[Round "3"]
[White "Eade, Don"]
[Black "Weng, Xintong (Winston)"]
[Result "0-1"]
[WhiteElo "1806"]
[BlackElo "1305"]
[PlyCount "106"]
[EventDate "2017.08.26"]

1. e4 c5 2. Nf3 e6 3. d4 cxd4 4. Nxd4 a6 5. Be3 Qc7 6. Bd3 Nf6 7. Nc3 Nc6 8.
O-O b5 9. Nxc6 dxc6 10. a3 Be7 11. f4 O-O 12. Qf3 Bb7 13. Qh3 h6 14. Rf3 c5 15.
Rg3 Kh8 16. f5 Rg8 17. fxe6 fxe6 18. Rg6 Nh7 19. Qxe6 c4 20. Be2 Rae8 21. Qb6
Qxb6 22. Rxb6 Bf6 23. Bh5 Re7 24. Bc5 Rc7 25. Re1 Rxc5 26. Rxb7 Rxh5 27. Nd5
Re8 28. Nc7 Rc8 29. c3 Be5 30. Nxa6 Bxh2+ 31. Kf1 Rf8+ 32. Ke2 Nf6 33. Ke3 Re8
34. Kf3 Rg5 35. Nb4 Rg3+ 36. Kf2 Nxe4+ 37. Kf1 Rf8+ 38. Ke2 Rxg2+ 39. Ke3 Ng5
40. Rb1 Bg1+ 41. Rxg1 Rxg1 42. Rxb5 Rf3+ 43. Kd4 Rg4+ 44. Ke5 Nf7+ 45. Ke6 Rf6+
46. Kd7 Rd6+ 47. Kc7 Re4 48. Nc6 Ree6 49. Rc5 Re4 50. a4 Rde6 51. a5 Ne5 52.
Nd8 Re7+ 53. Kc8 Re8 0-1

[Event "North Shore B-Grade"]
[Site "Auckland NZL"]
[Date "2017.08.26"]
[Round "3"]
[White "Meng, Richard"]
[Black "Lyall, Simon"]
[Result "1-0"]
[WhiteElo "1627"]
[BlackElo "1752"]
[PlyCount "71"]
[EventDate "2017.08.26"]

1. c4 e5 2. Nc3 Nc6 3. g3 f5 4. Bg2 Nf6 5. e3 d5 6. cxd5 Nb4 7. d3 Nfxd5 8.
Nxd5 Nxd5 9. Nf3 Bd6 10. O-O Be6 11. e4 fxe4 12. Ng5 Qe7 13. Bxe4 g6 14. Nxe6
Qxe6 15. Qb3 c6 16. Qxb7 Rc8 17. Be3 O-O 18. Rac1 Rc7 19. Qb3 Rfc8 20. Rxc6 Nf4
21. Qxe6+ Nxe6 22. Rxd6 Nc5 23. Bd5+ Kg7 24. Bxc5 Rxc5 25. Bc4 e4 26. b3 exd3
27. Rxd3 a5 28. Rd7+ Kh6 29. Re1 a4 30. Ree7 axb3 31. Rxh7+ Kg5 32. axb3 Ra5
33. Rdf7 Re8 34. h4+ Kg4 35. Rf4+ Kh3 36. Bf1# 1-0

[Event "North Shore B-Grade"]
[Site "Auckland NZL"]
[Date "2017.08.26"]
[Round "3"]
[White "Hilder, Scott"]
[Black "Bishop, Everett"]
[Result "0-1"]
[WhiteElo "1900"]
[BlackElo "1826"]
[PlyCount "70"]
[EventDate "2017.08.26"]

1. d4 g6 2. c4 Bg7 3. Nc3 d6 4. Nf3 e5 5. dxe5 dxe5 6. Qxd8+ Kxd8 7. e4 c6 8.
Be2 Kc7 9. Be3 f6 10. a3 a5 11. Na4 Nd7 12. Nd2 Bh6 13. Bxh6 Nxh6 14. h3 Nf7
15. c5 Nf8 16. Nb6 Ra7 17. Nxc8 Kxc8 18. Nc4 Kc7 19. Rd1 Ne6 20. b4 axb4 21.
axb4 Nd4 22. Bd3 Ra4 23. Rb1 Rd8 24. Nb6 Ra3 25. Bc4 Ng5 26. f3 Ngxf3+ 27. gxf3
Nxf3+ 28. Kf2 Rd2+ 29. Kf1 Nh2+ 30. Rxh2 Rxh2 31. Kg1 Raxh3 32. Bf1 Rh1+ 33.
Kf2 R3h2+ 34. Ke1 Rxf1+ 35. Kxf1 Rh1+ 0-1

[Event "North Shore B-Grade"]
[Site "Auckland NZL"]
[Date "2017.08.26"]
[Round "3"]
[White "Goormachtigh, Laurens"]
[Black "Vickers, Josia"]
[Result "0-1"]
[WhiteElo "1714"]
[BlackElo "1186"]
[PlyCount "134"]
[EventDate "2017.08.26"]

1. e4 e6 2. d4 d5 3. e5 c5 4. c3 Nc6 5. Nf3 Qb6 6. Bd3 cxd4 7. cxd4 Bd7 8. Bc2
Nb4 9. Bb3 Bb5 10. Ba4 Qa5 11. Bxb5+ Qxb5 12. Nc3 Qa6 13. Qe2 Qxe2+ 14. Kxe2 a6
15. a3 Nc6 16. Na4 b5 17. Nc5 Bxc5 18. dxc5 a5 19. b3 Nge7 20. Kd3 Ng6 21. Re1
Kd7 22. g3 b4 23. a4 Rac8 24. Bb2 Nd8 25. Rac1 Nb7 26. Bd4 Rc6 27. Ng5 Ke7 28.
Re2 h6 29. Nf3 Rhc8 30. Rec2 Nf8 31. Ke3 Nd7 32. Ne1 f6 33. exf6+ gxf6 34. f4
e5 35. fxe5 fxe5 36. Bb2 Nbxc5 37. Nd3 Kd6 38. Nxc5 d4+ 39. Kf3 Nxc5 40. g4
Nxb3 41. Rxc6+ Rxc6 42. Rxc6+ Kxc6 43. h4 Kd5 44. g5 hxg5 45. hxg5 Ke6 46. g6
Kf6 47. Ke4 Kxg6 48. Bxd4 exd4 49. Kd3 Kf5 50. Kc4 Ke4 51. Kxb3 d3 52. Kb2 d2
53. Kc2 Ke3 54. Kd1 Kd4 55. Kxd2 Kc4 56. Kc2 b3+ 57. Kb2 Kb4 58. Kb1 Kxa4 59.
Kb2 Kb4 60. Kb1 a4 61. Kb2 Kc4 62. Kb1 a3 63. Kc1 a2 64. Kb2 a1=Q+ 65. Kxa1 Kc3
66. Kb1 b2 67. Ka2 Kc2 0-1

[Event "North Shore B-Grade"]
[Site "Auckland NZL"]
[Date "2017.08.26"]
[Round "3"]
[White "Liu, James Jiayu"]
[Black "Ha, Huy Minh (Timothy)"]
[Result "0-1"]
[WhiteElo "1405"]
[BlackElo "1702"]
[PlyCount "100"]
[EventDate "2017.08.26"]

1. e4 g6 2. d4 Bg7 3. Nf3 d6 4. h3 a6 5. Bc4 e6 6. Nc3 b5 7. Bb3 Bb7 8. d5 e5
9. a3 Nf6 10. Bg5 Nbd7 11. Nd2 h6 12. Be3 c5 13. f4 Qe7 14. f5 gxf5 15. exf5 c4
16. Ba2 Nxd5 17. Nxd5 Bxd5 18. Qg4 Qf6 19. a4 h5 20. Qg3 Bh6 21. Bxh6 Rxh6 22.
O-O Rh7 23. Qh2 Rg7 24. Rf2 Ke7 25. Nf1 Nc5 26. Ne3 Bb7 27. b3 Ne4 28. Re2 Nc3
29. Rd2 Qg5 30. f6+ Kxf6 31. Rf1+ Ke6 32. Nf5 Qxg2+ 33. Qxg2 Rxg2+ 34. Rxg2
Bxg2 35. Kxg2 Rg8+ 36. Kh2 Nxa2 37. Nh6 Rg7 38. Rf5 Rh7 39. Rxh5 cxb3 40. cxb3
bxa4 41. bxa4 Nc3 42. a5 Nd5 43. Kg3 Ne7 44. Kg4 Nc6 45. h4 Nxa5 46. Nxf7 Rxf7
47. Rh6+ Ke7 48. Kg5 Nc4 49. h5 e4 50. Rg6 e3 0-1

[Event "North Shore B-Grade"]
[Site "Auckland NZL"]
[Date "2017.08.26"]
[Round "3"]
[White "Holdo, Karl"]
[Black "Li, Andrew"]
[Result "1-0"]
[WhiteElo "1683"]
[BlackElo "1376"]
[PlyCount "81"]
[EventDate "2017.08.26"]

1. d4 d5 2. c4 e6 3. Nf3 Nf6 4. g3 b6 5. Bg2 Bb7 6. O-O Be7 7. Ne5 O-O 8. Nc3
Nbd7 9. cxd5 Nxe5 10. dxe5 Nxd5 11. Nxd5 Bxd5 12. e4 Bc4 13. Qg4 Qd4 14. Rd1
Qxe5 15. Be3 Qxb2 16. Bd4 Qxd4 17. Rxd4 Bf6 18. e5 Bxe5 19. Rxc4 Bxa1 20. Bxa8
Rxa8 21. Rxc7 f5 22. Qd1 Be5 23. Rb7 Bb2 24. Qb3 Bf6 25. Qxe6+ Kh8 26. Rxa7 Rg8
27. Qxb6 h6 28. Rf7 Ra8 29. Rxf6 gxf6 30. Qxf6+ Kh7 31. a4 Rxa4 32. Qf7+ Kh8
33. Qe8+ Kg7 34. Qxa4 f4 35. g4 f3 36. h4 Kg6 37. Qc6+ Kh7 38. Qf6 h5 39. g5
Kg8 40. Qe7 Kh8 41. g6 1-0

[Event "North Shore B-Grade"]
[Site "Auckland NZL"]
[Date "2017.08.26"]
[Round "3"]
[White "Qiu, Daniel"]
[Black "Wang, Aaron Ziwen"]
[Result "0-1"]
[WhiteElo "1354"]
[BlackElo "1552"]
[PlyCount "44"]
[EventDate "2017.08.26"]

1. d4 Nf6 2. c4 g6 3. Nc3 Bg7 4. Nf3 d6 5. g3 O-O 6. Bg2 c5 7. e3 Nc6 8. O-O
Bg4 9. Qd2 Bxf3 10. Bxf3 Nd7 11. dxc5 Nxc5 12. b3 Ne5 13. Be2 Qa5 14. Rb1 Nxc4
15. Bxc4 Qxc3 16. Qe2 Qb4 17. Bb2 Ne4 18. Qc2 Nd2 19. Bxg7 Nxb1 20. Rxb1 Kxg7
21. Qb2+ f6 22. h4 Rac8 0-1

[Event "North Shore B-Grade"]
[Site "Auckland NZL"]
[Date "2017.08.26"]
[Round "3"]
[White "Braganza, Nadia"]
[Black "Mudaliar, Rohit"]
[Result "0-1"]
[WhiteElo "1549"]
[BlackElo "958"]
[PlyCount "96"]
[EventDate "2017.08.26"]

1. e4 c5 2. Nf3 d6 3. d4 cxd4 4. Nxd4 Nf6 5. Nc3 a6 6. Be3 g6 7. Be2 Bg7 8. Qd2
Nc6 9. f3 Bd7 10. Nxc6 Bxc6 11. a3 Qc7 12. Bd3 O-O 13. g4 e6 14. O-O-O b5 15.
h4 Rfb8 16. Bg5 b4 17. axb4 Rxb4 18. Nb5 Qa5 19. c3 Qa1+ 20. Bb1 Rxb5 21. c4
Rb3 22. Rde1 Rab8 23. Kd1 Rxb2 24. Qd3 Qxb1+ 25. Qxb1 Rxb1+ 26. Ke2 Rxe1+ 27.
Rxe1 a5 28. Kd3 a4 29. Rc1 Nd7 30. Rc2 Nc5+ 31. Ke2 a3 32. Ra2 Rb2+ 33. Rxb2
axb2 34. Bd2 b1=Q 35. g5 Nxe4 36. fxe4 Qxe4+ 37. Kf2 Qxh4+ 38. Ke2 Qxc4+ 39.
Kf2 Bd4+ 40. Ke1 Bc3 41. Bxc3 Qxc3+ 42. Ke2 e5 43. Kf2 Qf3+ 44. Ke1 Qg2 45. Kd1
Be4 46. Ke1 Bd3 47. Kd1 Qe2+ 48. Kc1 Qc2# 0-1

[Event "North Shore B-Grade"]
[Site "Auckland NZL"]
[Date "2017.08.26"]
[Round "3"]
[White "Lourenco, Eva"]
[Black "Li, Rodney Xiang Rei"]
[Result "1-0"]
[WhiteElo "1350"]
[BlackElo "1509"]
[PlyCount "61"]
[EventDate "2017.08.26"]

1. d4 Nf6 2. Bf4 e6 3. Nf3 c5 4. c3 Nc6 5. e3 b6 6. Be2 Bb7 7. O-O cxd4 8. exd4
Be7 9. Nbd2 O-O 10. Qc2 d6 11. h3 Rc8 12. Bh2 Qd7 13. Qd1 Rfd8 14. Bb5 a6 15.
Bd3 e5 16. dxe5 dxe5 17. Bc2 Qd5 18. Nb3 Qe6 19. Qc1 Nd5 20. Re1 f6 21. Qb1 h6
22. Bf5 Qf7 23. Bxc8 Bxc8 24. Nbd2 Nf4 25. Bxf4 exf4 26. Qe4 Rd6 27. Nb3 g5 28.
Nfd4 f5 29. Qe2 g4 30. hxg4 fxg4 31. Nxc6 {and the rest is nonsense,} 1-0

[Event "North Shore B-Grade"]
[Site "Auckland NZL"]
[Date "2017.08.26"]
[Round "3"]
[White "Li, Leo Xiang Yu"]
[Black "Kamberi, Paul"]
[Result "1-0"]
[WhiteElo "1256"]
[BlackElo "1570"]
[PlyCount "123"]
[EventDate "2017.08.26"]

1. e4 c5 2. Nf3 Nc6 3. Bb5 Qc7 4. Nc3 e6 5. d4 cxd4 6. Nxd4 Nxd4 7. Qxd4 a6 8.
Ba4 b5 9. Bb3 Ne7 10. Be3 Bb7 11. Qd2 Bc6 12. Bf4 e5 13. Be3 a5 14. a3 a4 15.
Ba2 Qb7 16. f3 Nc8 17. Nd5 Na7 18. Qc3 d6 19. Nb4 Kd7 20. Bxf7 Rc8 21. Rd1 Bxe4
22. Qxe5 Kc7 23. Qxe4 Qxe4 24. fxe4 Nc6 25. Nd5+ Kb7 26. Nc3 Ka6 27. Be6 Rd8
28. Rf1 Be7 29. Bd5 Ne5 30. Bd4 Bf6 31. Bxe5 Bxe5 32. Rf7 Rb8 33. Rc7 Rhc8 34.
Rxc8 Rxc8 35. Be6 Rc7 36. Rd5 Re7 37. Bc8+ Ka7 38. Rxb5 Bxc3+ 39. bxc3 Rxe4+
40. Kf2 Rc4 41. Bf5 Ka6 42. Rb4 Rxc3 43. Rxa4+ Kb5 44. Rb4+ Kc5 45. Rb3 Rc4 46.
Bxh7 Rh4 47. Rh3 Rf4+ 48. Ke3 Ra4 49. Rh5+ Kb6 50. Bd3 Rxa3 51. Rg5 Ra7 52. h3
Re7+ 53. Kd4 Rc7 54. Rb5+ Ka7 55. Kd5 Rd7 56. Kc6 Rf7 57. Be4 Re7 58. Bd5 Re2
59. Rb7+ Ka8 60. Kb6 Rd2 61. Ra7+ Kb8 62. Ra8# 1-0

[Event "North Shore B-Grade"]
[Site "Auckland NZL"]
[Date "2017.08.26"]
[Round "3"]
[White "Myers, Sean"]
[Black "Li, Allen"]
[Result "0-1"]
[WhiteElo "1495"]
[BlackElo "1515"]
[PlyCount "76"]
[EventDate "2017.08.26"]

1. Nc3 e5 2. e4 Nf6 3. a3 Bc5 4. Bc4 d6 5. h3 Be6 6. Bxe6 fxe6 7. Nf3 O-O 8.
Ng5 Nfd7 9. Nf3 Qf6 10. d3 c6 11. Bg5 Qf7 12. Qd2 d5 13. O-O-O h6 14. Bxh6 gxh6
15. Qxh6 Qf4+ 16. Qxf4 exf4 17. d4 Bb6 18. e5 c5 19. Ne2 cxd4 20. Nexd4 Bxd4
21. Nxd4 Re8 22. Rde1 a6 23. Rhg1 Nc6 24. Nf3 Nc5 25. g4 fxg3 26. Rxg3+ Kh8 27.
Rg4 Rg8 28. Ng5 Rg7 29. Rh4+ Kg8 30. f4 Nd4 31. Rh6 Rc8 32. Kd2 Ne4+ 33. Nxe4
dxe4 34. Rc1 Rg2+ 35. Ke3 Nf5+ 36. Kxe4 Rc4+ 37. Kd3 Rd4+ 38. Kc3 Rg3# 0-1